000 00543nam a2200181 i 4500
001 63593
003 ES-MaACL
005 20230906164923.0
007 t|
008 031212s1971 sp ||||1| spa d
100 1 _aFerry, Gilles.
_950609
245 1 3 _aEl trabajo en grupo
_b: hacia la autogestión educativa /
_cGilles Ferry ; [traducido por Nuria Vidal].
250 _a[1ª ed.].
260 _aBarcelona :
_bFontanella,
_c[1971]
300 _a249 p. ;
_c19 cm.
700 1 _aVidal, Nuria.
_9114451
852 _aES-MaACL
_jC-45284
_bR.77825
999 _c63593
_d63593